00297nam a22001097a 4500008004100000082001900041100002400060245002500084260004800109650001900157653001100176220720b |||||||| |||| 00| 0 eng d aN954.26/Sr948p aSwami Prapanacharya aPrachin Kirat itihas aPanchthar:bKirateshwor Prakasan,c2051.BS. aHistory- Kirat aKirats